000 00640nmm a2200229Ia 4500
008 251105s9999||||xx |||||||||||||||||und||
020 _a9788433960627
041 _aspa
100 _aVega, Regina
245 0 _aEl secuestro
264 _a[Madrid, España] :
_bEditorial Anagrama,
_c[Fecha de publicación no identificada]
300 _a0 páginas
490 _aCompactos
650 _aFrench narrative
700 _aVega, Regina
700 1 _a Salceda, Hermes
700 1 _a Parayre, Marc
700 1 _a Burrel, Mercè
700 1 _a Perec, Georges
856 _uhttps://public.digitaliapublishing.com/a/80084
942 _cCF
999 _c72313
_d72313